[Event "PNWCC Masters WOO 2020"]
[Site "chess.com INT"]
[Date "2020.07.04"]
[Round "1.52"]
[White "Liang, Jason"]
[Black "Chen, Megan"]
[Result "1-0"]
[WhiteTitle "FM"]
[WhiteElo "2340"]
[BlackElo "1549"]
[WhiteFideId "30940303"]
[BlackFideId "30929121"]
[EventDate "2020.07.04"]

1. e4 c6 2. d4 d5 3. e5 Bf5 4. h4 h5 5. Bd3 Bxd3 6. Qxd3 e6 7. Bg5 Qa5+ 8. Nd2
Qa6 9. c4 Bb4 10. b3 Ne7 11. Nf3 O-O 12. Bxe7 Bxe7 13. Ng5 g6 14. Nxe6 fxe6 15.
Qxg6+ Kh8 16. Rh3 Bxh4 17. Rxh4 Rf5 18. Qh6+ Kg8 19. Qxe6+ Rf7 20. Rf4 1-0

[Event "PNWCC Masters WOO 2020"]
[Site "chess.com INT"]
[Date "2020.07.04"]
[Round "1.53"]
[White "Xu, Andrew"]
[Black "Papp, Petra"]
[Result "0-1"]
[BlackTitle "WGM"]
[WhiteElo "1524"]
[BlackElo "2338"]
[WhiteFideId "2623951"]
[BlackFideId "739049"]
[EventDate "2020.07.04"]

1. e4 c6 2. d4 d5 3. Nd2 dxe4 4. Nxe4 Nf6 5. Nxf6+ exf6 6. Nf3 Bd6 7. Be2 O-O 8.
O-O Re8 9. Be3 Nd7 10. Rc1 Nf8 11. Qd2 Ng6 12. c4 f5 13. d5 c5 14. Qd3 Qf6 15.
Bd2 Ne5 16. Qc3 Bd7 17. b3 h6 18. Nxe5 Bxe5 19. Qf3 Bxh2+ 20. Kxh2 Qe5+ 21. Bf4
Qxe2 22. Qxe2 Rxe2 23. Rce1 Rae8 24. Be3 Rxa2 25. Bxc5 b6 26. Rxe8+ Bxe8 27. Bd6
f6 28. Re1 Bh5 29. Bg3 g5 30. d6 Rd2 31. Re7 f4 32. d7 fxg3+ 33. Kxg3 Kf8 34.
Rh7 Bf7 35. Rxh6 Kg7 0-1

[Event "PNWCC Masters WOO 2020"]
[Site "chess.com INT"]
[Date "2020.07.04"]
[Round "1.54"]
[White "Morefield, Jason"]
[Black "Ho, Carter"]
[Result "1-0"]
[WhiteTitle "FM"]
[WhiteElo "2227"]
[BlackElo "1415"]
[WhiteFideId "30920825"]
[BlackFideId "30965292"]
[EventDate "2020.07.04"]

1. d4 d5 2. c4 c6 3. Nf3 Nf6 4. e3 g6 5. Nc3 Bg7 6. Be2 O-O 7. O-O dxc4 8. Bxc4
Bg4 9. h3 Bxf3 10. Qxf3 Nbd7 11. Rd1 e5 12. d5 e4 13. Nxe4 Nxe4 14. Qxe4 Nb6 15.
Bb3 cxd5 16. Bxd5 Nxd5 17. Rxd5 Qb6 18. Qd3 Rac8 19. Rb1 Rfd8 20. Bd2 Rxd5 21.
Qxd5 Rd8 22. Qa5 Qxa5 23. Bxa5 Rc8 24. b3 Rc2 25. a4 b6 26. Be1 Ra2 27. Rd1 h5
28. Rd8+ Kh7 29. Kf1 Rb2 30. b4 a5 31. bxa5 bxa5 32. Rc8 Rb1 33. Ke2 Ra1 34. Rc4
Ra2+ 35. Kf3 f5 36. Bxa5 g5 37. g4 fxg4+ 38. hxg4 h4 39. Bd8 h3 40. Bxg5 h2 41.
Rc1 Rxa4 42. Bf4 Kg6 43. Bxh2 Ra6 44. Bf4 Kh7 45. g5 Bf8 46. Kg4 Ra2 47. f3 Rg2+
48. Kf5 Bg7 49. g6+ Rxg6 50. Rh1+ Bh6 51. Rxh6+ Rxh6 52. Bxh6 Kxh6 53. Kf6 Kh5
54. e4 Kh4 55. e5 Kg3 56. e6 Kf4 57. e7 Kxf3 58. e8=Q Kg2 59. Qe3 Kh1 60. Qe2
Kg1 61. Kf5 Kh1 62. Kf4 Kg1 63. Kg3 Kh1 64. Qd1# 1-0

[Event "PNWCC Masters WOO 2020"]
[Site "chess.com INT"]
[Date "2020.07.04"]
[Round "1.55"]
[White "Harish, Neeraj"]
[Black "Estrada Nieto, Julian"]
[Result "1/2-1/2"]
[BlackTitle "IM"]
[WhiteElo "1472"]
[BlackElo "2280"]
[WhiteFideId "30958130"]
[BlackFideId "5101018"]
[EventDate "2020.07.04"]

1. e4 e5 2. Nf3 Nc6 3. Nc3 Nf6 4. Bb5 Bb4 5. O-O O-O 6. d3 Bxc3 7. bxc3 d6 8.
Bg5 h6 9. Bh4 Bd7 10. Re1 Ne7 11. Bxf6 Bxb5 12. Bh4 Qd7 13. d4 f6 14. dxe5 dxe5
15. Qxd7 Bxd7 16. Nxe5 Ba4 17. Nf3 Bxc2 18. Nd4 Ba4 19. Bg3 c6 20. Ne6 Rf7 21.
Nc5 Bb5 22. Rad1 b6 23. Nb7 Nf5 1/2-1/2

[Event "PNWCC Masters WOO 2020"]
[Site "chess.com INT"]
[Date "2020.07.04"]
[Round "1.57"]
[White "Ji, Yuze Luke"]
[Black "Kolay, Alex"]
[Result "0-1"]
[WhiteElo "1337"]
[BlackElo "2208"]
[WhiteFideId "30965284"]
[BlackFideId "30919991"]
[EventDate "2020.07.04"]

1. e4 e5 2. Nf3 Nc6 3. Bc4 Bc5 4. c3 Nf6 5. d4 exd4 6. cxd4 Bb4+ 7. Bd2 Bxd2+ 8.
Nbxd2 d5 9. exd5 Nxd5 10. Qb3 Nce7 11. O-O O-O 12. Rfe1 c6 13. Rac1 Nb6 14. Bd3
Ng6 15. Bb1 Nd5 16. Ne5 Re8 17. Ndf3 Re7 18. a3 Be6 19. Ng5 Ndf4 20. Nxe6 Nxe6
21. Nxg6 hxg6 22. Red1 Nxd4 23. Qc4 Ne2+ 24. Kf1 Qc7 25. Qb4 Rae8 26. Rc4 Qxh2
27. Qxe7 Rxe7 28. Re4 Nf4 29. Ke1 Qg1+ 30. Kd2 Rd7+ 31. Kc3 Qxd1 32. Rxf4 Qd2+
33. Kb3 Qxf4 34. Bc2 Rd2 35. Ka2 Qc4+ 36. Bb3 Qc1 37. a4 Qxb2# 0-1

[Event "PNWCC Masters WOO 2020"]
[Site "chess.com INT"]
[Date "2020.07.04"]
[Round "1.58"]
[White "Ghazarian, Kirk"]
[Black "Guo, Yu Han"]
[Result "1-0"]
[WhiteElo "2181"]
[BlackElo "1432"]
[WhiteFideId "30908604"]
[BlackFideId "2623870"]
[EventDate "2020.07.04"]

1. c4 e6 2. Nf3 Nf6 3. b3 d5 4. e3 Be7 5. Bb2 O-O 6. Nc3 c5 7. cxd5 Nxd5 8. Be2
Nc6 9. O-O b6 10. Nxd5 Qxd5 11. d4 Bf6 12. Ne5 Nxe5 13. dxe5 Be7 14. Bf3 Qxd1
15. Rfxd1 Rb8 16. Rd2 Rd8 17. Rad1 Rxd2 18. Rxd2 Kf8 19. Bc3 Bb7 20. Rd7 Bxf3
21. gxf3 a6 22. Ra7 a5 23. Kf1 Rc8 24. Ke2 Ke8 25. Rb7 c4 26. Kd2 cxb3 27. axb3
Bc5 28. Bd4 Rd8 29. Kc3 Rd7 30. Rb8+ Ke7 31. Bxc5+ bxc5 32. Ra8 Rd5 33. f4 g5
34. Ra7+ Ke8 35. fxg5 Rxe5 36. h4 Re4 37. Rxa5 Rxh4 38. Rxc5 Rh2 39. f4 Re2 40.
Kd4 Rb2 41. Rb5 Kd8 42. Ke5 Re2 43. e4 Rf2 44. Rb7 Ke8 45. f5 exf5 46. exf5 Rc2
47. Kf6 Rc6+ 48. Kg7 Rc3 49. Kxh7 Kf8 50. Rb8+ Ke7 51. Kg7 Rg3 52. Rb7+ Ke8 53.
Kf6 Rf3 54. b4 Rf4 55. b5 Rd4 56. Rb8+ Kd7 57. Kxf7 Rd5 58. Kg6 Kc7 59. Re8 Rxb5
60. Re2 Kd7 61. f6 Rb6 62. Kg7 Rb5 63. g6 Kd6 64. f7 Rb7 65. Kg8 Kc6 66. f8=Q
Kb6 67. Qb4+ Ka7 68. Qxb7+ 1-0

[Event "PNWCC Masters WOO 2020"]
[Site "chess.com INT"]
[Date "2020.07.04"]
[Round "1.59"]
[White "Yang, Maxwell"]
[Black "Tanenbaum, Zachary"]
[Result "0-1"]
[WhiteElo "1075"]
[BlackElo "2137"]
[WhiteFideId "30965268"]
[BlackFideId "2060850"]
[EventDate "2020.07.04"]

1. e4 e5 2. Nf3 Nc6 3. Bc4 Nf6 4. d3 Be7 5. O-O O-O 6. Re1 d6 7. c3 Na5 8. Bb5
a6 9. Ba4 b5 10. Bc2 c5 11. Nbd2 Re8 12. Nf1 Bf8 13. Ng3 Be6 14. Ng5 Bg4 15. Nf3
h6 16. h3 Be6 17. Nh4 g6 18. Nf3 Nc6 19. Be3 d5 20. d4 cxd4 21. cxd4 Nb4 22.
dxe5 Nxc2 23. Qxc2 Nxe4 24. Nxe4 Bf5 25. Qd2 dxe4 26. Nd4 Rxe5 27. Rad1 Rd5 28.
g4 Be6 29. Qc2 Qf6 30. Qxe4 Rad8 31. Rc1 Rxd4 32. Bxd4 Rxd4 33. Qe3 Rf4 34. b3
Rf3 35. Qe2 Rxh3 36. Kg2 Qh4 37. Rg1 Bxg4 38. Qe5 Bf3+ 39. Kf1 Rh1 40. Qg3 Rxg1+
41. Qxg1 Qh3+ 42. Ke1 Bb4+ 43. Rc3 Bxc3# 0-1

[Event "PNWCC Masters WOO 2020"]
[Site "chess.com INT"]
[Date "2020.07.04"]
[Round "2.1"]
[White "Le, Quang Liem"]
[Black "Lintchevski, Daniil"]
[Result "1-0"]
[WhiteTitle "GM"]
[BlackTitle "GM"]
[WhiteElo "2709"]
[BlackElo "2559"]
[WhiteFideId "12401137"]
[BlackFideId "4171055"]
[EventDate "2020.07.04"]

1. Nf3 c5 2. e4 e6 3. d4 cxd4 4. Nxd4 Nf6 5. Nc3 Nc6 6. a3 d6 7. Be3 a6 8. Qd2
Qc7 9. f3 Ne5 10. O-O-O b5 11. Ndxb5 axb5 12. Nxb5 Qc6 13. Nxd6+ Bxd6 14. Qxd6
Qxd6 15. Rxd6 O-O 16. Be2 Bb7 17. Rhd1 Rfc8 18. b3 h5 19. Kb2 h4 20. a4 Bc6 21.
Ra1 Ne8 22. Rd2 f6 23. a5 Nc7 24. Bb6 Kf7 25. Rad1 Rab8 26. f4 Bxe4 27. Bxc7
Rxc7 28. fxe5 Bxg2 29. Bh5+ g6 30. Bxg6+ Kxg6 31. Rxg2+ Kf5 32. exf6 Kxf6 33.
Rd4 Ra7 34. Ra4 Rb5 35. b4 Rf5 36. a6 e5 37. b5 e4 38. Rb4 1-0

[Event "PNWCC Masters WOO 2020"]
[Site "chess.com INT"]
[Date "2020.07.04"]
[Round "2.2"]
[White "Bosiocic, Marin"]
[Black "Xiong, Jeffery"]
[Result "0-1"]
[WhiteTitle "GM"]
[BlackTitle "GM"]
[WhiteElo "2625"]
[BlackElo "2709"]
[WhiteFideId "14507927"]
[BlackFideId "2047640"]
[EventDate "2020.07.04"]

1. d4 Nf6 2. Bg5 c5 3. d5 d6 4. Nc3 h6 5. Bc1 e6 6. e4 exd5 7. exd5 a6 8. a4 g6
9. a5 Bg7 10. Qe2+ Kf8 11. Qd1 Kg8 12. Bd3 Kh7 13. h4 Re8+ 14. Kf1 Nbd7 15. Bf4
Ne5 16. Bxe5 dxe5 17. h5 e4 18. hxg6+ fxg6 19. Be2 Qd6 20. Nh3 Kg8 21. Na4 e3
22. Nb6 Ne4 23. Ra4 Bxh3 24. Rxe4 Rxe4 25. Rxh3 Rae8 26. f3 Rd4 27. Qb1 g5 28.
c3 g4 29. fxg4 Qf4+ 30. Kg1 Qf2+ 31. Kh2 Rd2 32. Qg6 Qf7 0-1

[Event "PNWCC Masters WOO 2020"]
[Site "chess.com INT"]
[Date "2020.07.04"]
[Round "2.3"]
[White "Vitiugov, Nikita"]
[Black "Shyam, Sundar M."]
[Result "1-0"]
[WhiteTitle "GM"]
[BlackTitle "GM"]
[WhiteElo "2722"]
[BlackElo "2518"]
[WhiteFideId "4152956"]
[BlackFideId "5019141"]
[EventDate "2020.07.04"]

1. c4 g6 2. d4 Bg7 3. e4 d6 4. Nc3 Nf6 5. Nf3 O-O 6. Bd3 c5 7. d5 e6 8. h3 Na6
9. Bg5 h6 10. Be3 Nc7 11. Qd2 Kh7 12. e5 dxe5 13. Bxc5 Re8 14. d6 Na6 15. Be3
Nh5 16. Ne2 f5 17. c5 Bd7 18. g4 Nf4 19. Nxe5 Nxd3+ 20. Nxd3 e5 21. gxf5 gxf5
22. O-O-O Qf6 23. Rhg1 Qf7 24. Rxg7+ Qxg7 25. f4 e4 26. Ne5 Be6 27. Rg1 Qf8 28.
Nc3 Red8 29. Bd4 Rac8 30. Ng6 Qf7 31. Ne7 Rg8 32. Nxc8 Bxc8 33. a3 Be6 34. b4
Nb8 35. b5 a6 36. a4 Bd7 37. Rxg8 Qxg8 38. Qf2 axb5 39. axb5 Be8 40. Qg1 Bg6 41.
h4 Qf7 42. Kb2 Qd7 43. Be5 Bh5 44. Ka3 Bg6 45. h5 1-0

[Event "PNWCC Masters WOO 2020"]
[Site "chess.com INT"]
[Date "2020.07.04"]
[Round "2.4"]
[White "Grigoriants, Sergey"]
[Black "Oparin, Grigoriy"]
[Result "0-1"]
[WhiteTitle "GM"]
[BlackTitle "GM"]
[WhiteElo "2542"]
[BlackElo "2652"]
[WhiteFideId "4130804"]
[BlackFideId "24125890"]
[EventDate "2020.07.04"]

1. e4 e5 2. Nf3 Nc6 3. Nc3 Nf6 4. d4 exd4 5. Nxd4 Bb4 6. Nxc6 bxc6 7. Bd3 O-O 8.
O-O d5 9. exd5 Bg4 10. f3 Bh5 11. Bg5 cxd5 0-1

[Event "PNWCC Masters WOO 2020"]
[Site "chess.com INT"]
[Date "2020.07.04"]
[Round "2.5"]
[White "Kuzubov, Yuriy"]
[Black "Brodsky, David"]
[Result "1-0"]
[WhiteTitle "GM"]
[BlackTitle "IM"]
[WhiteElo "2643"]
[BlackElo "2455"]
[WhiteFideId "14112906"]
[BlackFideId "2073250"]
[EventDate "2020.07.04"]

1. d4 Nf6 2. c4 e6 3. Nf3 b6 4. g3 Bb7 5. Bg2 Be7 6. Nc3 Ne4 7. Bd2 Bf6 8. Qc2
Nxd2 9. Qxd2 d6 10. d5 Bxc3 11. Qxc3 O-O 12. O-O Nd7 13. Nd2 e5 14. b4 a5 15. a3
f5 16. Nb3 a4 17. Nd2 Qe7 18. e4 f4 19. Bh3 Bc8 20. Be6+ Kh8 21. g4 f3 22. Nxf3
Nf6 23. Bxc8 Raxc8 24. Ng5 Nxg4 25. Ne6 Rf6 26. f3 Nh6 27. c5 bxc5 28. bxc5 Nf7
29. cxd6 Qxd6 30. Rac1 Qa6 31. Rf2 Qb6 32. Qc5 Qb3 33. Kg2 h6 34. Qc3 Qb6 35.
Rb2 Qd6 36. Qb4 Rxe6 37. dxe6 Qxe6 38. Qc4 Qg6+ 39. Kh1 Ng5 40. Rf1 Rf8 41. Rbf2
Rf4 42. Qxa4 Qf6 43. Qd7 Nxf3 44. Qxc7 Nxh2 45. Rxf4 exf4 46. Rxf4 Qb2 47. Rf8+
Kh7 48. Qf4 1-0

[Event "PNWCC Masters WOO 2020"]
[Site "chess.com INT"]
[Date "2020.07.04"]
[Round "2.6"]
[White "Tran, Tuan Minh"]
[Black "Matlakov, Maxim"]
[Result "1/2-1/2"]
[WhiteTitle "GM"]
[BlackTitle "GM"]
[WhiteElo "2518"]
[BlackElo "2685"]
[WhiteFideId "12401820"]
[BlackFideId "4168003"]
[EventDate "2020.07.04"]

1. d4 Nf6 2. c4 e6 3. Nc3 d5 4. Nf3 Bb4 5. cxd5 exd5 6. Bf4 Ne4 7. Rc1 Nc6 8. h3
Bf5 9. Qb3 a5 10. a4 g5 11. Be5 Nxe5 12. Nxe5 c5 13. e3 O-O 14. Be2 f6 15. Nf3
c4 16. Qa2 Kg7 17. O-O h5 18. Rfd1 Rc8 19. Nh2 Rh8 20. Nf1 Qd7 21. Nxe4 Bxe4 22.
b3 c3 23. Bd3 h4 24. Qe2 Qe6 25. Rc2 Rce8 26. Nh2 Re7 27. Ng4 Rc8 28. Rf1 Bd6
29. Rfc1 Rec7 30. Nh2 f5 31. Nf1 g4 32. f3 gxf3 33. gxf3 Bxd3 34. Qxd3 Kh6 35.
Rg2 Rg8 36. Rc2 Rxg2+ 37. Rxg2 Bg3 38. Rc2 f4 39. exf4 Bxf4 40. Rg2 Rc6 41. Rg4
Qxg4+ 42. hxg4 c2 43. Qf5 c1=Q 44. Qf8+ Kg6 45. Qg8+ Kf6 46. Qf8+ Kg5 47. Qf5+
Kh6 48. Qf8+ Kg6 49. Qg8+ Kf6 50. Qf8+ Ke6 51. Qe8+ Kd6 52. Qd8+ Ke6 53. Qe8+
Kd6 54. Qd8+ Ke6 55. Qe8+ 1/2-1/2

[Event "PNWCC Masters WOO 2020"]
[Site "chess.com INT"]
[Date "2020.07.04"]
[Round "2.8"]
[White "Vokhidov, Shamsiddin"]
[Black "Swiercz, Dariusz"]
[Result "1-0"]
[WhiteTitle "GM"]
[BlackTitle "GM"]
[WhiteElo "2512"]
[BlackElo "2649"]
[WhiteFideId "14204223"]
[BlackFideId "1126881"]
[EventDate "2020.07.04"]

1. e4 c5 2. Nf3 Nc6 3. Bb5 g6 4. Bxc6 dxc6 5. d3 Bg7 6. a4 Nf6 7. a5 O-O 8. Nbd2
Qc7 9. O-O Nh5 10. Nb3 Qd6 11. e5 Bxe5 12. Nxe5 Qxe5 13. Re1 Qd5 14. c4 Qf5 15.
Be3 Rd8 16. Nxc5 Nf4 17. Bxf4 Qxf4 18. Qe2 Bf5 19. Qxe7 b6 20. axb6 axb6 21. Nb7
Re8 22. Rxa8 Rxa8 23. Nd8 Bc8 24. g3 Qf3 25. Nxf7 Qxf7 26. Qd8+ Kg7 27. Re7 Ra1+
28. Kg2 Be6 29. Rxf7+ Bxf7 30. Qxb6 1-0

[Event "PNWCC Masters WOO 2020"]
[Site "chess.com INT"]
[Date "2020.07.04"]
[Round "2.9"]
[White "Esipenko, Andrey"]
[Black "Matinian, Nikita"]
[Result "1-0"]
[WhiteTitle "GM"]
[BlackTitle "GM"]
[WhiteElo "2682"]
[BlackElo "2475"]
[WhiteFideId "24175439"]
[BlackFideId "24129100"]
[EventDate "2020.07.04"]

1. d4 Nf6 2. c4 g6 3. Nc3 d5 4. cxd5 Nxd5 5. e4 Nxc3 6. bxc3 Bg7 7. Nf3 c5 8.
Be3 Qa5 9. Qd2 O-O 10. Rc1 Rd8 11. d5 e6 12. Bg5 f6 13. Bf4 Nc6 14. Bd3 exd5 15.
exd5 Ne7 16. c4 Qxd2+ 17. Kxd2 b5 18. Bc7 Rd7 19. d6 Bh6+ 20. Kc2 Bxc1 21. Rxc1
Bb7 22. cxb5 Nd5 23. Bc4 Kf8 24. Bxd5 Bxd5 25. a4 Re8 26. Kd2 c4 27. Nd4 Re4 28.
Kc3 Rh4 29. Nc6 Bxg2 30. Nxa7 Rh3+ 31. Kb4 Rxh2 32. a5 Bf3 33. a6 Rxf2 34. b6 h5
35. Kc5 Rb2 36. Nb5 c3 37. b7 1-0

[Event "PNWCC Masters WOO 2020"]
[Site "chess.com INT"]
[Date "2020.07.04"]
[Round "2.10"]
[White "Murzin, Volodar"]
[Black "Sargissian, Gabriel"]
[Result "0-1"]
[WhiteTitle "IM"]
[BlackTitle "GM"]
[WhiteElo "2465"]
[BlackElo "2682"]
[WhiteFideId "44155573"]
[BlackFideId "13300881"]
[EventDate "2020.07.04"]

1. e4 e5 2. Nf3 Nc6 3. Bb5 a6 4. Ba4 Nf6 5. O-O Be7 6. Nc3 b5 7. Bb3 d6 8. d3
Na5 9. h3 O-O 10. Be3 Bb7 11. Re1 Re8 12. Nd5 Nxd5 13. Bxd5 c6 14. Bb3 Nxb3 15.
axb3 c5 16. c4 Qd7 17. Nd2 Bf8 18. Qg4 Re6 19. f4 exf4 20. Bxf4 g6 21. Rf1 Bg7
22. Rab1 f5 23. exf5 gxf5 24. Qxf5 Bxg2 25. Rbe1 Rg6 26. Qxd7 Bxh3+ 27. Kh2 Bxd7
28. Ne4 Rf8 29. Re2 Bc6 30. Ref2 Bd4 31. Rf3 Rf5 32. Bg3 Rh5+ 33. Kg2 Bxe4 34.
dxe4 Be5 35. Kf2 Bxg3+ 36. Rxg3 Rh2+ 37. Kg1 Rxg3+ 38. Kxh2 Rxb3 39. Rf6 Rxb2+
40. Kh3 Rd2 41. e5 dxe5 42. Rxa6 bxc4 43. Rc6 c3 44. Rxc5 c2 45. Kg4 e4 46. Kf4
Re2 47. Kf5 h5 48. Rc7 Kf8 0-1

[Event "PNWCC Masters WOO 2020"]
[Site "chess.com INT"]
[Date "2020.07.04"]
[Round "2.11"]
[White "Postny, Evgeny"]
[Black "Yip, Carissa"]
[Result "1-0"]
[WhiteTitle "GM"]
[BlackTitle "IM"]
[WhiteElo "2600"]
[BlackElo "2421"]
[WhiteFideId "2804344"]
[BlackFideId "2090732"]
[EventDate "2020.07.04"]

1. d4 Nf6 2. c4 g6 3. Nc3 Bg7 4. e4 O-O 5. Nf3 d6 6. Be2 e5 7. d5 a5 8. h3 Na6
9. Bg5 Nc5 10. Nd2 c6 11. b3 Bd7 12. a3 cxd5 13. cxd5 Qb6 14. O-O Rfc8 15. Rb1
Ne8 16. Be3 Qd8 17. Bb5 f5 18. f3 Nf6 19. Bxd7 Qxd7 20. Nc4 Ra6 21. a4 fxe4 22.
Bxc5 Rxc5 23. Nxe4 Rc8 24. Nxf6+ Bxf6 25. Nd2 Bg5 26. Ne4 Be3+ 27. Kh1 Kg7 28.
Qe2 Bf4 29. Rb2 Rb6 30. Rd1 Rc7 31. Qe1 Ra6 32. Qh4 Qf7 33. Qf2 Qd7 34. Rc2 Ra8
35. Rxc7 Qxc7 36. Rd3 Rc8 37. Rc3 Qxc3 38. Nxc3 Rxc3 39. g3 Be3 40. Qe2 Rxb3 41.
Qc2 Rb6 42. Qc7+ Kg8 43. h4 Bc5 44. Kg2 Rb1 45. Kh3 h5 46. Qd8+ Kf7 47. Qd7+ Kg8
48. Qe6+ Kg7 49. Qe7+ Kg8 50. Qf6 Kh7 51. Qf7+ Kh6 52. Qg8 1-0

[Event "PNWCC Masters WOO 2020"]
[Site "chess.com INT"]
[Date "2020.07.04"]
[Round "2.12"]
[White "Li, Ben"]
[Black "Fedoseev, Vladimir3"]
[Result "1/2-1/2"]
[WhiteTitle "IM"]
[BlackTitle "GM"]
[WhiteElo "2376"]
[BlackElo "2678"]
[WhiteFideId "2089980"]
[BlackFideId "24130737"]
[EventDate "2020.07.04"]

1. d4 Nf6 2. c4 g6 3. Nc3 Bg7 4. e4 d6 5. Nf3 O-O 6. h3 e5 7. d5 Na6 8. Bg5 c6
9. Be2 Bd7 10. Nd2 Qb8 11. O-O Rc8 12. a3 cxd5 13. cxd5 b5 14. Rc1 Nc7 15. b4 a5
16. Qb3 h6 17. Be3 a4 18. Qb1 Nh7 19. f4 exf4 20. Bxf4 Qb6+ 21. Kh1 f5 22. Qd3
Nf6 23. Qg3 g5 24. Be3 Qa6 25. exf5 Ncxd5 26. Nxd5 Nxd5 27. Bf3 Nxe3 28. Bxa8
Bd4 29. Bd5+ Kh8 30. Rxc8+ Qxc8 31. Qxd6 Nxf5 32. Rxf5 Bxf5 33. Qxh6+ Bh7 34.
Nf3 Qc1+ 35. Kh2 Qc7+ 36. Kh1 Qc1+ 37. Kh2 Qc7+ 1/2-1/2

[Event "PNWCC Masters WOO 2020"]
[Site "chess.com INT"]
[Date "2020.07.04"]
[Round "2.13"]
[White "Maghsoodloo, Parham"]
[Black "Sarkar, Justin"]
[Result "1-0"]
[WhiteTitle "GM"]
[BlackTitle "IM"]
[WhiteElo "2676"]
[BlackElo "2380"]
[WhiteFideId "12539929"]
[BlackFideId "2010011"]
[EventDate "2020.07.04"]

1. e4 e5 2. Nf3 Nc6 3. Bb5 a6 4. Ba4 Nf6 5. O-O Be7 6. Re1 b5 7. Bb3 d6 8. c3
O-O 9. h3 Na5 10. Bc2 c5 11. d4 Qc7 12. Nbd2 cxd4 13. cxd4 Bb7 14. d5 Bc8 15.
Bd3 Bd7 16. b4 Nc4 17. Bxc4 bxc4 18. Bb2 a5 19. Bc3 axb4 20. Bxb4 c3 21. Rc1 Qb6
22. Bxc3 Rxa2 23. Rb1 Qa7 24. Qb3 Rc8 25. Ra1 Rxa1 26. Rxa1 Qc7 27. Bb4 Be8 28.
Qe3 Nd7 29. Ra7 Qc1+ 30. Kh2 Bf8 31. Ra6 Nc5 32. Ra3 Na4 33. Qa7 Nc3 34. Qb7 Nb5
35. Ra8 1-0

[Event "PNWCC Masters WOO 2020"]
[Site "chess.com INT"]
[Date "2020.07.04"]
[Round "2.14"]
[White "Shlyakhtenko, Robert"]
[Black "Kovalev, Vladislav"]
[Result "1/2-1/2"]
[WhiteTitle "FM"]
[BlackTitle "GM"]
[WhiteElo "2343"]
[BlackElo "2648"]
[WhiteFideId "30936934"]
[BlackFideId "13504398"]
[EventDate "2020.07.04"]

1. d4 Nf6 2. c4 e6 3. Nc3 Bb4 4. f3 c5 5. d5 b5 6. e4 bxc4 7. Bxc4 Nxd5 8. Bxd5
exd5 9. Qxd5 Nc6 10. Be3 Qh4+ 11. Bf2 Bxc3+ 12. bxc3 Qf6 13. Ne2 O-O 14. O-O Ba6
15. Rfe1 Bxe2 16. Rxe2 Qxc3 17. Ree1 Nb4 18. Qxc5 Qxc5 19. Bxc5 Nc2 20. Bxf8
Kxf8 21. h4 Ke7 22. Rac1 Nxe1 23. Rxe1 Rb8 24. Re3 Rb5 25. Ra3 a5 26. Kf2 Ke6
27. Ke3 d5 28. exd5+ Kxd5 29. Ra4 h5 30. g3 f6 31. Rd4+ Ke6 32. Re4+ Kf5 33.
Rf4+ Ke6 34. Re4+ Kf5 35. Rf4+ Kg6 36. Rc4 Re5+ 37. Kf4 Kh6 38. g4 Kg6 39. Rd4
Rb5 40. a3 Kh6 41. Kg3 hxg4 42. Kxg4 Kg6 43. Rc4 Re5 44. Rd4 Rc5 45. Kf4 Rc1 46.
Ra4 Rc5 47. Rd4 Kh5 48. Kg3 g5 49. hxg5 Kxg5 50. Rf4 Kg6 51. Rd4 Kf5 52. Re4 Re5
53. Rxe5+ Kxe5 54. Kg4 a4 55. Kh5 Kf5 56. Kh6 Kf4 57. Kg6 Kxf3 58. Kxf6 Ke4 59.
Ke6 Kd4 60. Kd6 Kc4 61. Ke5 Kd3 62. Kd5 Kc3 63. Kc5 Kb3 64. Kd4 Kxa3 65. Kc3 Ka2
66. Kc2 a3 67. Kc1 Ka1 68. Kc2 a2 69. Kc1 1/2-1/2

[Event "PNWCC Masters WOO 2020"]
[Site "chess.com INT"]
[Date "2020.07.04"]
[Round "2.15"]
[White "Predojevic, Borki"]
[Black "Nguyen, Duc Hoa"]
[Result "1/2-1/2"]
[WhiteTitle "GM"]
[BlackTitle "GM"]
[WhiteElo "2601"]
[BlackElo "2406"]
[WhiteFideId "930849"]
[BlackFideId "12401358"]
[EventDate "2020.07.04"]

1. e4 c5 2. Nf3 d6 3. Bb5+ Bd7 4. Bxd7+ Qxd7 5. c4 Nf6 6. Nc3 g6 7. d4 cxd4 8.
Nxd4 Bg7 9. f3 O-O 10. Be3 Nc6 11. Rc1 e6 12. O-O Rfd8 13. Nxc6 bxc6 14. c5 d5
15. e5 Nh5 16. Bd4 f6 1/2-1/2

[Event "PNWCC Masters WOO 2020"]
[Site "chess.com INT"]
[Date "2020.07.04"]
[Round "2.16"]
[White "Zhao, Ian"]
[Black "Hovhannisyan, Robert"]
[Result "1/2-1/2"]
[WhiteTitle "FM"]
[BlackTitle "GM"]
[WhiteElo "2380"]
[BlackElo "2642"]
[WhiteFideId "2620740"]
[BlackFideId "13302507"]
[EventDate "2020.07.04"]

1. e4 e5 2. Nf3 Nc6 3. Bc4 Bc5 4. O-O Nf6 5. d3 d6 6. c3 O-O 7. Nbd2 a5 8. h3
Be6 9. Bb5 Ba7 10. Re1 Ne7 11. d4 Ng6 12. Nf1 exd4 13. cxd4 d5 14. e5 Ne4 15.
Bd3 f6 16. exf6 Qxf6 17. Ng3 Nh4 18. Bxe4 dxe4 19. Nxh4 Qxh4 20. Rxe4 Qf6 21.
Be3 c6 22. Qd2 Bb8 23. Re1 Bxa2 24. Rg4 Bxg3 25. Rxg3 Bd5 26. Bh6 Rf7 27. Re5
Kh8 28. Bg5 Qd6 29. Rge3 Qg6 30. Rg3 Rg8 31. Bd8 Qb1+ 32. Re1 Qf5 33. Bxa5 h6
34. Bb4 Rf6 35. Be7 Rg6 36. Bh4 b5 37. Rxg6 Qxg6 38. Bg3 Kh7 39. Re7 Re8 40.
Rxe8 Qxe8 41. Kh2 Qg6 42. f3 Kg8 43. Be5 Kh7 44. Bg3 Qf5 45. Be5 Kg8 46. Bg3 Kh7 1/2-1/2

[Event "PNWCC Masters WOO 2020"]
[Site "chess.com INT"]
[Date "2020.07.04"]
[Round "2.17"]
[White "Demchenko, Anton"]
[Black "Stefanov, Emil"]
[Result "1-0"]
[WhiteTitle "GM"]
[BlackTitle "IM"]
[WhiteElo "2641"]
[BlackElo "2350"]
[WhiteFideId "4160258"]
[BlackFideId "2914794"]
[EventDate "2020.07.04"]

1. d4 Nf6 2. Nf3 d5 3. Bf4 e6 4. e3 c5 5. Nbd2 Bd6 6. dxc5 Bxc5 7. Bd3 Nc6 8.
O-O O-O 9. c4 Bd6 10. Bg5 h6 11. Bh4 Be7 12. Rc1 Bd7 13. a3 Nh5 14. cxd5 Bxh4
15. dxc6 Bxc6 16. Be2 Bf6 17. g4 Bxb2 18. Rb1 Bxa3 19. Qb3 Bc5 20. gxh5 Qf6 21.
Qb2 Rfd8 22. Qxf6 gxf6 23. Bb5 Bxf3 24. Nxf3 Rd5 25. Bc4 Rf5 26. Bd3 Rxh5 27.
Rxb7 Rd8 28. Be2 Bb6 29. Rc1 Ra5 30. Rc2 Rc5 31. Rxc5 Bxc5 32. Nd4 Bxd4 33. exd4
Rxd4 34. Bh5 e5 35. Rxa7 Rh4 36. Bxf7+ Kh8 37. Be6 Rf4 38. Kg2 h5 39. Rc7 h4 40.
Rc4 e4 41. Rc7 e3 42. fxe3 Re4 43. Rh7+ Kxh7 44. Bf5+ Kh6 45. Bxe4 Kg5 46. Kh3
f5 47. Bf3 1-0